Protection of environment : (Record no. 480339)

000 -LEADER
fixed length control field 00603nam a22002295a 4500
001 - CONTROL NUMBER
control field 86770
003 - CONTROL NUMBER IDENTIFIER
control field ASAB
005 - DATE AND TIME OF LATEST TRANSACTION
control field 20180827062715.0
008 - FIXED-LENGTH DATA ELEMENTS--GENERAL INFORMATION
fixed length control field 950926s1994 pl 000 0 eng
010 ## - LIBRARY OF CONGRESS CONTROL NUMBER
LC control number 95207937
020 ## - INTERNATIONAL STANDARD BOOK NUMBER
International Standard Book Number 978-93-5030-001-5
040 ## - CATALOGING SOURCE
Original cataloging agency DLC
Transcribing agency ASAB
082 ## - DEWEY DECIMAL CLASSIFICATION NUMBER
Classification number 363.7
100 ## - MAIN ENTRY--PERSONAL NAME
Personal name Aditya Bhatnagar
9 (RLIN) 2344
245 00 - TITLE STATEMENT
Title Protection of environment :
Statement of responsibility, etc. Aditya Bhatnagar
260 ## - PUBLICATION, DISTRIBUTION, ETC.
Place of publication, distribution, etc. India
Name of publisher, distributor, etc. Oxford Book Company
Date of publication, distribution, etc. 2010
300 ## - PHYSICAL DESCRIPTION
Extent 295 p.
630 ## - SUBJECT ADDED ENTRY--UNIFORM TITLE
Uniform title Environment
9 (RLIN) 3673
906 ## - LOCAL DATA ELEMENT F, LDF (RLIN)
a 0
b ibc
c orignew
d 3
e ncip
f 19
g y-gencatlg
942 ## - ADDED ENTRY ELEMENTS (KOHA)
Source of classification or shelving scheme
Koha item type Book
Holdings
Withdrawn status Lost status Source of classification or shelving scheme Damaged status Not for loan Collection code Permanent Location Current Location Date acquired Total Checkouts Full call number Barcode Date last seen Price effective from Koha item type
            Atta-ur-Rahman School of Applied Biosciences (ASAB) Atta-ur-Rahman School of Applied Biosciences (ASAB) 11/29/2016   363.7 BHA ASAB2086 04/25/2018 11/29/2016 Book
© 2023 Central Library, National University of Sciences and Technology. All Rights Reserved.